Stany USA - kształty (dla Geomexa) - Statystyki

Ogólne statystyki
  • Ten quiz został rozwiązany 33 razy
  • Średni wynik to 9 z 16
Statystyki odpowiedzi
Obrazkowy Odpowiedź % Poprawnych
Floryda
90%
Teksas
90%
Michigan
70%
Luizjana
63%
New Jersey
60%
Alabama
57%
Utah
57%
Minnesota
53%
Nebraska
50%
Nowy Jork
50%
Massachusetts
47%
Wyoming
47%
Delaware
40%
Dakota Południowa
37%
Kansas
37%
Indiana
27%
Nie znaleziono quizów pasujących do podanych kryteriów
Rozkład punktacji
Procent ludzi z każdym wynikiem
Percentyl według liczby udzielonych odpowiedzi
Twoja historia wyników
Nie rozwiązałeś tego quizu